Posúdenie drevenej lávky

Na minha lista:
Detalhes bibliográficos
Autor principal: Šimkaninová, Tamara (Author)
Outros Autores: Lamperová, Katarína (Thesis advisor)
Formato: Manuscrito Livro
Idioma:eslovaco
Publicado em: 2023
Assuntos:
Acesso em linha:http://is.stuba.sk/zp/portal_zp.pl?podrobnosti=161835
https://opac.crzp.sk/?fn=detailBiblioForm&sid=0A15AC6E5E2ED0F3D5D5CD342BCF
Tags: Adicionar Tag
Sem tags, seja o primeiro a adicionar uma tag!

MARC

LEADER 00000ntm a22000003a 4500
001 stuzp93788
003 SK-STU
005 20230921115312.8
007 ta
008 150427s2015----xo-----f-mn---000-0-slo-d
040 |a STU  |b slo 
041 0 |a slo 
100 1 |a Šimkaninová, Tamara  |u 010250  |4 aut  |U SvF Stavebná fakulta  |T SvF Katedra stavebnej mechaniky  |X 110102  |U V250  |Y 26  |7 110102 
242 0 1 |a Assessment of the wooden footbridge  |y eng 
245 1 0 |a Posúdenie drevenej lávky 
260 |c 2023 
650 4 |a lávka  |2 slo 
650 4 |a drevená  |2 slo 
650 4 |a posúdenie  |2 slo 
650 4 |a zaťaženie  |2 slo 
650 4 |a bridge  |2 eng 
650 4 |a wooden  |2 eng 
650 4 |a assessment  |2 eng 
650 4 |a load  |2 eng 
700 1 |a Lamperová, Katarína  |u 010250  |k Z8  |4 ths  |U SvF Stavebná fakulta  |T SvF Katedra stavebnej mechaniky  |X 7460  |U V250  |Y 26  |7 A000007460 
856 4 |u http://is.stuba.sk/zp/portal_zp.pl?podrobnosti=161835 
856 4 |u https://opac.crzp.sk/?fn=detailBiblioForm&sid=0A15AC6E5E2ED0F3D5D5CD342BCF